000 01239nam1a22002531i 4500
001 v19\rc\1204073
005 20260406163225.0
035 _a(NLR Aleph) 004368998
090 _a3473389
_c3473389
100 _a20060306g18671879|||a0rusy50 ca
101 0 _arus
102 _aRU
105 _ay z |||||
200 1 _aФинансовая смета 3-го Отделения Собственной е. и. в. канцелярии...
210 _aСанкт-Петербург
_d1867-1879
215 _d27
300 _aЗагл. смет на 1864-1865 гг.: Смета доходов 3-го Отделения Собственной е. и. в. канцелярии
517 0 _aСмета доходов 3-го Отделения Собственной е. и. в. канцелярии
532 1 1 _aФинансовая смета Третьего Отделения Собственной е. и. в. канцелярии...
710 0 1 _aРоссия
_bСобственная Его Императорского Величества канцелярия
_bОтделение
_c3
_3RU\NLR\AUTH\889934630
_9364319
801 0 _aRU
_bNLR
_gpsbo
801 1 _aRU
_bProSoft-M
_2rusmarc
852 _aNLR
_jШифры разные
942 _cBOOK